000 00887nac a22002897a 4500
001 BR0204116
003 BR-BrBNA
005 20240105122701.0
008 230509b bl.|||m| |||| 00| 0 por d
040 _aBR-BrBNA
_bpor
_cBiblioteca Nacional de Agricultura
041 _a(Pt)
072 _aH60
090 _a0336 BR0204116
100 1 _aRoman, E.S.
110 1 _aEMBRAPA Trigo, Passo Fundo, RS (Brasil)
_93754
245 1 _aControle de Euphorbia heterophylla L. por misturas de herbicidas pós-emergentes
260 3 _aPasso Fundo, RS (Brasil):
_c2000.
300 _a26 p.
490 _aCircular Técnica - EMBRAPA Trigo (Brazil)
_vno. 4
_xISSN 1516-571X
500 _a14 ref.; 18 illus.
650 _aSOJA
650 _aAMENDOIM BRAVO
650 _aHERBICIDA
650 _aPÓS-EMERGÊNCIA
909 _a202312
_bLúcia Elande
_c55
_dLúcia Elande
942 _2AGRIS
_n0
_cMS
999 _c292309
_d292309